Estadísticas para Países del Mundo con un Mapa Vacío en un Minuto

Haz click aquí para intentar la prueba.

Estadísticas generales

  • Esta prueba ha sido intentada 822 veces
  • La puntuación promedio es 25 de 196

Respuestas en el mapa

Las respuestas están codificadas por una escala verde-roja en el mapa de la prueba según el % correcto abajo.
 

Estadísticas de respuestas

País% Correcto
Canadá
73%
Estados Unidos
67%
México
66%
Brasil
64%
Argentina
61%
España
59%
Francia
58%
China
57%
Chile
55%
Rusia
55%
Perú
48%
Alemania
43%
Colombia
42%
Japón
37%
Bolivia
36%
Ecuador
36%
Portugal
36%
Uruguay
36%
Venezuela
35%
Italia
34%
Panamá
32%
Paraguay
32%
Australia
31%
India
28%
Cuba
27%
Reino Unido
27%
Suecia
27%
Guatemala
23%
Noruega
22%
Guyana
21%
Honduras
21%
Argelia
20%
Mongolia
20%
Suiza
20%
Andorra
19%
Costa Rica
19%
Finlandia
19%
Irlanda
19%
Belice
18%
Dinamarca
18%
Egipto
18%
Islandia
18%
Marruecos
18%
Nicaragua
18%
República Democrática
del Congo
18%
Surinam
18%
El Salvador
17%
República del Congo
17%
Sudáfrica
17%
Chad
16%
Irán
16%
Haití
15%
Polonia
15%
Austria
14%
Bélgica
14%
Irak
14%
Libia
14%
Malí
14%
Níger
14%
Turquía
13%
Bahamas
12%
Chipre
12%
Estonia
12%
Grecia
12%
Letonia
12%
Malta
12%
Mónaco
12%
Países Bajos
12%
Togo
12%
Ucrania
12%
Indonesia
11%
Jamaica
11%
Túnez
11%
Arabia Saudita
10%
Corea del Sur
10%
Lituania
10%
Sudán
10%
Kazajistán
9%
Nigeria
9%
Nueva Zelanda
9%
Omán
9%
República Dominicana
9%
Yemen
9%
Angola
8%
Benín
8%
Ciudad del Vaticano
8%
Corea del Norte
8%
Dominica
8%
Fiyi
8%
Israel
8%
Laos
8%
Serbia
8%
Tonga
8%
Albania
7%
Bielorrusia
7%
Bosnia y Herzegovina
7%
Emiratos Árabes
Unidos
7%
Ghana
7%
Hungría
7%
Luxemburgo
7%
Malasia
7%
Nepal
7%
Pakistán
7%
San Marino
7%
Siria
7%
Tailandia
7%
Afganistán
6%
Barbados
6%
Brunéi
6%
Bután
6%
Catar
6%
Croacia
6%
Etiopía
6%
Filipinas
6%
Líbano
6%
Nauru
6%
Taiwán
6%
Antigua y Barbuda
5%
Madagascar
5%
Palaos
5%
República Checa
5%
Rumania
5%
Samoa
5%
Santa Lucía
5%
Somalia
5%
Trinidad y Tobago
5%
Tuvalu
5%
Uganda
5%
Vanuatu
5%
Armenia
4%
Baréin
4%
Bulgaria
4%
Camboya
4%
Camerún
4%
Eslovaquia
4%
Eslovenia
4%
Gabón
4%
Gambia
4%
Granada
4%
Guinea
4%
Kenia
4%
Kiribati
4%
Kosovo
4%
Malaui
4%
Maldivas
4%
Moldavia
4%
República de
Macedonia
4%
Ruanda
4%
San Cristóbal y Nieves
4%
San Vicente y las
Granadinas
4%
Singapur
4%
Sudán del Sur
4%
Vietnam
4%
Yibuti
4%
Azerbaiyán
3%
Bangladés
3%
Botsuana
3%
Burundi
3%
Estados Federados
de Micronesia
3%
Islas Salomón
3%
Jordania
3%
Kuwait
3%
Liberia
3%
Mauritania
3%
Montenegro
3%
Mozambique
3%
Myanmar
3%
Namibia
3%
Senegal
3%
Tanzania
3%
Zambia
3%
Comoras
2%
Eritrea
2%
Islas Marshall
2%
Kirguistán
2%
Lesoto
2%
Liechtenstein
2%
Mauricio
2%
Papua Nueva Guinea
2%
República
Centroafricana
2%
Seychelles
2%
Sri Lanka
2%
Suazilandia
2%
Tayikistán
2%
Timor Oriental
2%
Turkmenistán
2%
Uzbekistán
2%
Zimbabue
2%
Burkina Faso
1%
Cabo Verde
1%
Costa de Marfil
1%
Georgia
1%
Guinea-Bissau
1%
Guinea Ecuatorial
1%
Santo Tomé y Príncipe
1%
Sierra Leona
1%

Distribución de puntuación

Porcentaje por número respondido

Porcentaje de gente con cada puntuación

Historial de tus puntuaciones

No has intentado esta prueba.